| 000 | 01197nam a2200337 a 4500 | ||
|---|---|---|---|
| 001 | 000110897 | ||
| 003 | CHAP | ||
| 005 | 20220329144150.0 | ||
| 008 | 141020s2014 mx fsm |||||||spa d | ||
| 010 | _a107359 | ||
| 011 | _a108331 | ||
| 040 | _cCHAP | ||
| 090 | _aTesis | ||
| 100 | 1 |
_aCano Hernández, Marco Antonio _9128656 |
|
| 245 | 1 | 0 |
_aRendimiento de forraje de la asociación de dos gramíneas y una leguminosa _h[En línea] _cpor Marco Antonio Cano Hernández. |
| 260 |
_aChapingo, Méx. : _bEl autor, _c2014. |
||
| 500 | _aPara ver el contenido del material haga clic en la liga | ||
| 502 | _aTesis (Ing. Agr. Esp. en Zootecnia) -- UACH. Departamento de Zootecnia | ||
| 590 |
_aBATCH _b00 _c20181121 _lUCH01 _h0759 |
||
| 590 |
_aE11695DGD _b10 _c20141021 _lUCH01 _h0926 |
||
| 590 |
_aE5995AHE _b05 _c20141020 _lUCH01 _h1107 |
||
| 590 |
_aE5995AHE _b05 _c20141020 _lUCH01 _h1108 |
||
| 650 | 1 | 4 |
_aCultivos asociados. _930370 |
| 650 | 1 | 4 |
_aForrajes _xRendimiento. _942593 |
| 650 | 1 | 4 |
_aPastos forrajeros _4Pastos forrajeros _986094 |
| 856 |
_a1 _n0001236 |
||
| 856 |
_aFinding aid _uhttp://10.13.5.2/tesis/sist110897.pdf _zTeclea aquí |
||
| 901 | _aBK | ||
| 942 | _cTESIS | ||
| 942 | _n0 | ||
| 999 |
_c107359 _d107359 |
||